Linia 16 - Statystyki

Ogólne statystyki
  • Ten quiz został rozwiązany 19 razy
  • Średni wynik to 16 z 44
Statystyki odpowiedzi
Przystanki % Poprawnych
Miasteczko Wilanów
80%
Piaski
80%
Centrum
60%
Goworka
60%
Hoża
60%
Królewska
60%
Metro ratusz arsenał
60%
Metro Świętokrzyska
60%
Muranów
60%
Plac bankowy
60%
Plac konstytucji
60%
Plac unii lubelskiej
60%
Plac zbawiciela
60%
Dolna
40%
Kostrzewskiego
40%
Mangalia
40%
Metro Młociny
40%
Metro Młociny
40%
Muranowska
40%
Nocznickiego
40%
Sobieskiego
40%
Spacerowa
40%
Trasa Łazienkowska
40%
Zajezdnia Żoliborz
40%
Aleja Reymonta
20%
Aspekt
20%
Bogusławskiego
20%
Cmentarz Wawrzyszewski
20%
Dzika
20%
Idzikowskiego
20%
Oś królewska
20%
Park Olszyna
20%
Plac grunwaldzki
20%
Popiela
20%
Romaszewskiego
20%
Rondo Radosława
20%
Rondo Radosława
20%
Sady żoliborskie
20%
Stawki
20%
Świątynia opatrzności Bożej
20%
Świętego Bonifacego
20%
Włościańska
20%
Czarnomorska
0%
Nałęczowska
0%
Nie znaleziono quizów pasujących do podanych kryteriów
Rozkład punktacji
Procent ludzi z każdym wynikiem
Percentyl według liczby udzielonych odpowiedzi
Twoja historia wyników
Nie rozwiązałeś tego quizu